With children on the spiritual journey : (Record no. 23418)
[ view plain ]
| 000 -LEADER | |
|---|---|
| fixed length control field | 00590nam a22001811a 4500 |
| 003 - CONTROL NUMBER IDENTIFIER | |
| control field | NEGST |
| 005 - DATE AND TIME OF LATEST TRANSACTION | |
| control field | 20160423020003.0 |
| 008 - FIXED-LENGTH DATA ELEMENTS--GENERAL INFORMATION | |
| fixed length control field | 030627s 001 0 eng d |
| 110 2# - MAIN ENTRY--CORPORATE NAME | |
| Corporate name or jurisdiction name as entry element | Stonehouse Catherine. |
| 245 10 - TITLE STATEMENT | |
| Title | With children on the spiritual journey : |
| Remainder of title | manuscript prepared for publication / |
| Statement of responsibility, etc | by Catherine stonehouse. |
| Medium | [Text] |
| 260 ## - PUBLICATION, DISTRIBUTION, ETC. (IMPRINT) | |
| Place of publication, distribution, etc | [S.l.] |
| Name of publisher, distributor, etc | [s.n.] |
| Date of publication, distribution, etc | [199?] |
| 300 ## - PHYSICAL DESCRIPTION | |
| Extent | 253p. |
| 500 ## - GENERAL NOTE | |
| General note | Includes bibliographical references. Unpublished manuscript. |
| 590 ## - LOCAL NOTE (RLIN) | |
| Local note | Accession number: 22537 |
| 650 #0 - SUBJECT ADDED ENTRY--TOPICAL TERM | |
| Topical term or geographic name as entry element | Christian education of children. |
| 942 00 - ADDED ENTRY ELEMENTS (KOHA) | |
| Koha issues (borrowed), all copies | 3 |
| Withdrawn status | Lost status | Source of classification or shelving scheme | Damaged status | Not for loan | Collection code | Home library | Current library | Shelving location | Date acquired | Cost, normal purchase price | Total Checkouts | Total Renewals | Full call number | Barcode | Date last seen | Date checked out | Copy number | Price effective from | Koha item type |
|---|---|---|---|---|---|---|---|---|---|---|---|---|---|---|---|---|---|---|---|
| Library of Congress Classification | General Circulation | AIU/NEGST - Tony Wilmot Memorial Library | AIU/NEGST - Tony Wilmot Memorial Library | General Stacks | 01/18/2010 | 10.00 | 6 | 2 | BV 1475.2.S776 1998 | R05106K3232 | 09/19/2025 | 09/04/2025 | 1 | 01/18/2010 | Books |
